<?xml version="1.0" encoding="UTF-8"?>
<record
    xmlns:xsi="http://www.w3.org/2001/XMLSchema-instance"
    xsi:schemaLocation="http://www.loc.gov/MARC21/slim http://www.loc.gov/standards/marcxml/schema/MARC21slim.xsd"
    xmlns="http://www.loc.gov/MARC21/slim">

  <leader>00971cam a22002651  4500</leader>
  <controlfield tag="001">ne 66000824 </controlfield>
  <controlfield tag="003">DLC</controlfield>
  <controlfield tag="005">20260227111822.0</controlfield>
  <controlfield tag="008">891024s1965    ua            000 0 ara  </controlfield>
  <datafield tag="010" ind1=" " ind2=" ">
    <subfield code="a">ne 66000824 </subfield>
  </datafield>
  <datafield tag="025" ind1=" " ind2=" ">
    <subfield code="a">PL480:UAR-6925</subfield>
  </datafield>
  <datafield tag="035" ind1=" " ind2=" ">
    <subfield code="a">(OCoLC)20541083</subfield>
  </datafield>
  <datafield tag="040" ind1=" " ind2=" ">
    <subfield code="a">DLC</subfield>
    <subfield code="c">WaU</subfield>
    <subfield code="d">WaU</subfield>
    <subfield code="d">DLC</subfield>
  </datafield>
  <datafield tag="042" ind1=" " ind2=" ">
    <subfield code="a">premarc</subfield>
  </datafield>
  <datafield tag="050" ind1="0" ind2="0">
    <subfield code="a">PJ7645.H8</subfield>
    <subfield code="b">D52</subfield>
  </datafield>
  <datafield tag="245" ind1="0" ind2="0">
    <subfield code="a">D&#x12B;w&#x101;n al-Hudhal&#x12B;y&#x12B;n.</subfield>
  </datafield>
  <datafield tag="260" ind1=" " ind2=" ">
    <subfield code="a">al-Q&#x101;hirah,</subfield>
    <subfield code="b">al-D&#x101;r al-Qawm&#x12B;yah lil-&#x1E6C;ib&#x101;&#x2BB;ah wa-al-Nashr,</subfield>
    <subfield code="c">1965.</subfield>
  </datafield>
  <datafield tag="300" ind1=" " ind2=" ">
    <subfield code="a">7, 242, 268, 137 p.</subfield>
    <subfield code="c">27 cm.</subfield>
  </datafield>
  <datafield tag="490" ind1="0" ind2=" ">
    <subfield code="a">Maktabah al-&#x2BB;Arab&#x12B;yah,</subfield>
    <subfield code="v">29.</subfield>
    <subfield code="a">Ta&#x1E25;q&#x12B;q al-tur&#x101;th al-&#x2BB;Arab&#x12B;,</subfield>
    <subfield code="v">12.</subfield>
    <subfield code="a">al-Adab,</subfield>
    <subfield code="v">19</subfield>
  </datafield>
  <datafield tag="500" ind1=" " ind2=" ">
    <subfield code="a">At head of title: al-Jumh&#x16B;r&#x12B;yah al-&#x2BB;Arab&#x12B;yah al-Mutta&#x1E25;idah. al-Thaq&#x101;fah wa-al-Irsh&#x101;d al-Qawm&#x12B;.</subfield>
  </datafield>
  <datafield tag="500" ind1=" " ind2=" ">
    <subfield code="a">"Nuskhah mu&#x1E63;awwarah &#x2BB;an &#x1E6D;ab&#x2BB;at D&#x101;r al-Kutub f&#x12B; al-sanaw&#x101;t 64-67-1369 h--45-48-1950 m."</subfield>
  </datafield>
  <datafield tag="650" ind1=" " ind2="0">
    <subfield code="a">Arabic poetry.</subfield>
  </datafield>
  <datafield tag="650" ind1=" " ind2="0">
    <subfield code="a">Hudhayl (Arab tribe)</subfield>
  </datafield>
  <datafield tag="740" ind1="0" ind2=" ">
    <subfield code="a">Hudhal&#x12B;y&#x12B;n, D&#x12B;w&#x101;n.</subfield>
  </datafield>
  <datafield tag="999" ind1=" " ind2=" ">
    <subfield code="c">48850</subfield>
    <subfield code="d">48850</subfield>
  </datafield>
</record>
